000 00321nam a22001457a 4500
020 _a1-85326-033-9
082 _a823.8 DOY
100 _aDoyle, Arthur Conan
245 _aThe adventure of Sherlock Holmes
260 _aWare
_bWordsworth
_c1992
300 _a450 p.
500 _a-
650 _a1. Roman
942 _cBK
999 _c12696
_d12696